Consenso de Panamá
Gardado en:
| Formato: | Texto |
|---|---|
| Etiquetas: |
Engadir etiqueta
Sen Etiquetas, Sexa o primeiro en etiquetar este rexistro!
|
MARC
| LEADER | 00000 a a2200000 04500 | ||
|---|---|---|---|
| 001 | 2002 | ||
| 003 | |||
| 040 | |||
| 245 | |a Consenso de Panamá | ||
| 773 | |g número 16; páginas 147-151 | ||
| 999 | |c 27585 |d 27585 | ||
